| 000 | 00000nam##2200000za#4500 |
| 001 | 9.639899 |
| 003 | CaOODSP |
| 005 | 20210624222412 |
| 007 | cr ||||||||||| |
| 008 | 150407|2000||||xxc|||||o f|0| 0 fre|d |
| 040 | |aCaOODSP|bfre |
| 043 | |an-cn--- |
| 086 | 1 |aE94-305/2000F-PDF |
| 110 | 1 |aCanada.|bAgence canadienne de développement international. |
| 245 | 10|aLes priorités de développement social de L'ACDI : |h[ressource électronique]|bun cadre d'action |
| 260 | |bAgence canadienne de développement international |c[2000?]. |
| 300 | |a52p.|bgraphique, tableau, photographies |
| 500 | |aSommaire: Aperçu des priorités de développement social de l'ACDI.--Santé et nutrition: assurer le bien-être des gens.--Éducation de base: offrir les possibilité à tous et à toutes.--VIH/sida: lutter contre la pandémie à l'échelle mondiale.--Protection des enfants: investir dans l'avenir.--De nouvelles approches pour mettre en oeuvre les priorités de développement social de l''ACDI.--Définition des quatres secteurs prioritaires au titre des priorités de développement social de l'ACDI. |
| 590 | |a12-16-Supp|b2012-04-17 |
| 691 | 07|aDéveloppement social|2gcpds |
| 691 | 07|aPauvreté|2gcpds |
| 691 | 07|aProgramme d'aide|2gcpds |
| 775 | 08|tCIDA'S social development priorities : |w(CaOODSP)9.695778 |
| 776 | 0#|tLes priorités de développement social de l'ACDI: un cadre d'action |w(CaOODSP)9.681171 |
| 856 | 40|ahttp://publications.gc.ca|qPDF|s2.76 Mo|uhttps://publications.gc.ca/collections/Collection/E94-305-2000F.pdf |